| 000 | 00548nam a2200181Ia 4500 | ||
|---|---|---|---|
| 008 | 190805s9999||||xx |||||||||||||| ||und|| | ||
| 020 |
_a9780070681811 _cRs. 735.00 |
||
| 082 | 0 | 4 |
_a620.1 _bK8974 |
| 100 | 1 | _aK. L. Kumar | |
| 245 | 1 | 0 |
_aEngineering Mechanics / _cK. L. Kumar and Veenu Kumar |
| 250 | _a4th ed. | ||
| 260 |
_aNew Delhi : _bMcGraw Hill Education India, _c2011, reprinted 2016 |
||
| 300 |
_axx, 675 p. _b : _c; 24 cm. |
||
| 650 | 0 |
_aMechanics, Applied _vTextbooks |
|
| 700 | 1 | _aVeenu, Kumar | |
| 942 | _cBK | ||
| 999 |
_c199 _d199 |
||